000 00481nam a2200193Ia 4500
003 GCL
008 140319s9999 xx 000 0 eng d
040 _aGCL /
_cGCL
082 0 4 _aCC
_b389.40932
_bB E
100 1 _aBUDGE, E.A WALLIS
245 1 0 _aEGYPTIAN MAGIC /
_cBUDGE, E.A WALLIS
260 _a[S.N] :
_bDAVER PUBLICATIONS, INC ،
_c1971
300 _a234 P
650 0 4 _aHISTORY
650 0 4 _aCAIRO
650 0 4 _aANCIENT EGYPTIAN
650 0 4 _aMAGIC
942 _2ddc
_cBK
999 _c15918
_d15918